00758nam a22001697a 450000500170000002000260001708200150004324500740005825000100013226000670014227001270020930000190033650000690035594200220042499900190044695201230046520230927114751.0 a9789354498398c620.00 a5402Tenth aPearsons IIT Foundation Physics 2022 :bPaper-1 & Paper 2 2013-2022 / aTenth aNoidabPearson India Education Services Private Limited c2022 a15th, Floor , Tower-B, World Trade Tower, Plot no 1, Block- C, Sector-16bUttar Pradesh e201301k044-66540100k9821874015 avp.c26cm(pbk) aA Pathway to Crack JEE Useful for NTSE and Other Olympiad Exams  2ddccENh540mPEA c198585d198585 001040708NFICaMbMd2023-09-27eGIFTg620.00l0o540 PEApB-755857r2023-09-27 00:00:00t1v620.00w2023-09-27yEN